| 000 | 00615nam a22001817a 4500 | ||
|---|---|---|---|
| 010 | _aENG-143081 | ||
| 020 |
_a9788119337828 _c860.00 |
||
| 035 | _aEN-126613 | ||
| 037 | _bDBAD | ||
| 082 | _a330.2 | ||
| 100 |
_aSangamithra, A. _975177 |
||
| 245 |
_aEconomics From the Heart/ _cby A. Sangamithra [and] J. Jacintha Maria Florence |
||
| 260 |
_aTamil Nadu _bShanlax publications _c2023 |
||
| 270 |
_a61, 66 T.P.K. Main Road, Vasantha Nagar, _bMadurai, Tamil Nadu _e625003 |
||
| 300 |
_a216p. _c25cm(pb) |
||
| 700 |
_aFlorence, J. Jacintha Maria _eAuthor _975178 |
||
| 942 |
_2ddc _cEN _h330.2 _mSAN |
||
| 999 |
_c207705 _d207705 |
||